Записки члена хозяйственной части о сделании платьев

Доступно только в Электронных читальных залах Найти на картеНа карте
RUSMARC
00003576nmc2a22000003x 450
0014bfbedf2-8f2a-4194-80ea-a13dc747192b
00520181004092846.0
100##$a20161209l18131813k l0rusy0189 ca
1010#$arus
102##$aRU
2001#$aЗаписки члена хозяйственной части о сделании платьев
$j12 февраля - 22 декабря 1813 г.
251##$cДело
300##$aДело
801#0$aRU
$bРГИА
$c20161209
$gRCR
801#1$aRU
$bГлавНИВЦ
$c20161209
$2rusmarc
801#2$aRU
$bПБ им. Б.Н. Ельцина
$c20181004
$gRCR
$2rusmarc
850##$aРГИА
852##$aРГИА
$eФедеральное казенное учреждение "Российский государственный исторический архив" (РГИА)
$j1204
937##$hРГИА
$d12235655
$aASBIBLIO_SCAN
462#0$1001dd3991dc-24e1-42ec-8838-ca4255420416
$12001
$a1746-1850 гг.
$1251
$cОпись
$1852
$j1
461#0$10019264ebf8-de62-4f1a-9eb4-9f22098dbbd5
$12001
$aДирекция императорских театров МИДв
$1251
$cФонд
$1852
$j497
215##$a47 л.
$d36,5х26 см
371##$aДокумент не является опубликованным и широко распространяемым
105##$ay###
1222#$ad
035##$a4bfbedf2-8f2a-4194-80ea-a13dc747192b
856##$uhttp://readingroom.main.prlib.ru/item.aspx?id_node=n118854258&mode=full
Формат отображения